| 000 | 00509nam a2200181Ia 4500 | ||
|---|---|---|---|
| 008 | 151018s9999 xx 000 0 und d | ||
| 082 |
_bRBASDV31342 _a824 |
||
| 100 | _aSibnarayan Ray | ||
| 245 | _aSnow-copped peaks and darkening shadiws | ||
| 250 | _b1 | ||
| 260 |
_bMinerva associates _c1999 |
||
| 300 | _a143 | ||
| 600 | _aSibnarayan Ray | ||
| 630 | _aSnow-copped peaks and darkening shadiws | ||
| 700 | _aSibnarayan Ray | ||
| 730 | _aSnow-copped peaks and darkening shadiws | ||
| 942 | _cBOOK | ||
| 999 |
_c1030875 _d1030872 |
||